000 01290nam a2200229Ia 4500
001 L200-53743
003 IT-CnALBA
008 170116s9999||||xx |||||||||||||| ||und||
040 _aIT-CnALBA
_cIT-CnALBA
041 _aITALIANO
100 _aBARBAGLIO GIUSEPPE
245 0 _aLA BIBBIA PER LA FAMIGLIA. LETTERE DI S. PAOLO. LETTERE AGLI EBREI. LETTERE CATTOLICHE. APOCALISSE.
250 _a1a ed.
260 _aCINISELLO BALSAMO (MI)
_bPERIODICI SAN PAOLO ED.
_c1999 [1° Ed.:1999 - Ed.Ling.Originale: 1999]
300 _a479 p.
500 _aRAVASI G. INDICE GENERALE DEL NUOVO TESTAMENTO, VOL. I., VOL. II. INDICE ANALITICO TEMI. INDICE ICONOGRAFICO. AUTORI. FOTOGRAFIE. SCRITTORI. INDICE DEI VOLUMI. ANTICO E NUOVO TESTAMENTO. VOLUME I VIII NUOVO TESTAMENTO. VOL. I II. VOLTI DI CRISTO NELLA LET
501 _aSocietà San Paolo EM - Piazza San Paolo, 14 - 12051 ALBA (CN) (non commercial uses only) ® Copyright 2017
520 _aRAVASI G. INDICE GENERALE DEL NUOVO TESTAMENTO, VOL. I., VOL. II. INDICE ANALITICO TEMI. INDICE ICONOGRAFICO. AUTORI. FOTOGRAFIE. SCRITTORI. INDICE DEI VOLUMI. ANTICO E NUOVO TESTAMENTO. VOLUME I VIII NUOVO TESTAMENTO. VOL. I II. VOLTI DI CRISTO NELLA LET
650 _aRELIGIONE - RELIGIONE CRISTIANA
942 _cBK
957 _71
999 _a71233
_bNO
_g Copie: 1
_c312622
_d312622